Statistics for Top 500 Baby Girl Names in England (2016) - Alphabetical

Click here to take the quiz!

General Stats

  • This quiz has been taken 3,946 times
  • The average score is 233 of 500

Answer Stats

Answer% Correct
298AAna
92%
73AAnna
92%
45EEliza
85%
1OOlivia
84%
322OOliwia
84%
53EEmma
84%
2AAmelia
83%
447AAlys
83%
41EEmilia
83%
223EEmelia
83%
17AAlice
83%
38EElizabeth
83%
129AAmy
82%
260EEmilie
82%
3EEmily
82%
400AAimee
82%
96SSarah
81%
379AAbbie
81%
90SSara
81%
304CCatherine
81%
290KKatherine
81%
148LLillie
80%
7LLily
80%
136IIsobel
80%
21IIsabelle
80%
110IIsabel
80%
454EEla
80%
60LLilly
80%
9EElla
80%
62RRose
79%
141HHanna
79%
57HHannah
79%
250MMary
79%
266HHana
79%
12CCharlotte
79%
5AAva
78%
8JJessica
78%
468KKhloe
76%
58AAbigail
76%
190EEve
76%
23CChloe
76%
263RRachel
75%
167AAlexa
75%
452KKate
75%
150LLaura
75%
15GGrace
74%
91VVictoria
74%
30EEva
74%
43LLucy
73%
14SSophie
73%
92ZZoe
73%
308LLucie
73%
69MMaria
73%
133KKatie
72%
29SSofia
72%
11SSophia
72%
108AAnnie
72%
48EEllie
72%
235ZZofia
72%
246JJennifer
71%
6IIsabella
71%
356IIzabella
71%
158AAnnabel
71%
61AAnnabelle
71%
10MMia
70%
66BBella
70%
156RRebecca
70%
433MMiya
70%
193LLauren
69%
22DDaisy
69%
125MMollie
69%
56MMolly
69%
113AAlexandra
69%
483BBethan
69%
381AAleksandra
69%
201AAlicia
68%
261AAlicja
68%
293AAngel
68%
185AAlisha
68%
447AAriya
68%
180AArya
68%
67AAria
68%
54GGeorgia
67%
93JJulia
67%
331NNatalie
66%
99LLeah
65%
372LLeia
65%
154ZZahra
65%
437SSamantha
65%
68ZZara
65%
36RRosie
64%
83MMegan
64%
115HHollie
64%
52HHolly
64%
382FFrances
63%
338IIyla
63%
4IIsla
63%
103BBethany
63%
148OOlive
62%
181NNicole
62%
55AAmber
62%
47EEleanor
61%
46EErin
61%
26RRuby
61%
347NNorah
61%
189RRosa
61%
283NNora
61%
291DDiana
61%
34MMillie
61%
391MMilly
61%
398JJade
61%
126MMadison
60%
415LLouise
60%
88CClara
60%
27EEvelyn
60%
452PPoppie
60%
13PPoppy
60%
59JJasmine
60%
95MMaddison
60%
16EEvie
60%
330EElisa
59%
164AAda
59%
65VViolet
59%
118FFaith
59%
195AAliza
59%
396AAyda
59%
198AAlyssa
59%
33IIvy
58%
349MMadeline
58%
176MMadeleine
58%
161HHope
58%
123AAaliyah
58%
280AAliyah
58%
499CChristina
58%
124AAriana
58%
240AArianna
58%
475AAlia
58%
447MMyah
57%
466LLeyla
57%
161AAlexis
57%
40LLayla
57%
194LLeila
57%
209LLaila
57%
134MMya
57%
236MMaia
57%
183MMaja
57%
39MMaya
57%
293LLillian
56%
42LLola
56%
237CCara
56%
20FFlorence
56%
219MMelissa
56%
63PPenelope
56%
423MMargaret
56%
458RRuth
56%
405KKaitlyn
56%
285TTia
56%
356CCaitlyn
56%
49TThea
56%
222CCaitlin
56%
347KKara
56%
174KKeira
55%
273NNia
55%
146EEsther
55%
88FFrancesca
55%
315KKiara
55%
188GGeorgina
55%
49HHarriet
55%
77GGracie
55%
364KKiera
55%
354SStephanie
55%
409KKira
55%
366KKyra
55%
412DDaniella
55%
382EElsa
55%
118LLara
54%
217IIndia
54%
261BBelle
54%
157NNina
54%
31EElsie
54%
280HHelena
53%
245JJessie
53%
168NNaomi
53%
24PPhoebe
53%
205AApril
53%
74SSummer
53%
151EElena
53%
315AAlayna
53%
18SScarlett
53%
280SScarlet
53%
475EEllen
53%
70NNancy
53%
267LLilah
52%
307AAnnabella
52%
152AAutumn
52%
80BBeatrice
52%
84IIris
52%
104LLyla
52%
287LLila
52%
289LLouisa
52%
164NNatalia
52%
172AAlana
51%
246GGabriela
51%
75MMartha
51%
139GGabriella
51%
301MMaisy
51%
44HHarper
51%
315AAudrey
51%
51MMaisie
51%
64AAmelie
51%
37IImogen
50%
253JJosephine
50%
394BBetty
50%
177EElise
50%
352MMichelle
50%
232EEsmee
50%
35EEsme
50%
263KKayla
50%
115EEsmae
50%
495EEsmai
50%
234PPolly
50%
398LLilia
50%
263CCora
50%
241AAlexia
49%
19FFreya
49%
25MMatilda
49%
145SSeren
49%
32WWillow
49%
323JJosie
48%
341TTaylor
48%
405GGabrielle
48%
94AArabella
48%
331QQuinn
48%
138LLena
48%
28SSienna
48%
485NNicola
48%
372NNikola
48%
468TTara
47%
106LLacey
47%
100LLydia
47%
382JJoanna
47%
184MMaggie
47%
411LLacie
47%
171ZZuzanna
47%
121SSkye
46%
114BBonnie
46%
291FFlora
46%
444NNatasha
46%
382AAubrey
46%
405AAubree
46%
178PPenny
46%
142DDelilah
46%
343SStella
45%
97FFelicity
45%
82DDarcey
45%
81MMila
45%
131SSavannah
45%
173SSadie
45%
101EEdith
45%
71DDarcie
45%
98DDarcy
45%
174MMyla
45%
76HHeidi
45%
102BBrooke
45%
72LLottie
45%
105AAurora
44%
274DDorothy
44%
182AAnastasia
44%
227LLexie
44%
85LLexi
44%
203LLucia
44%
111PPaige
44%
107OOrla
44%
466MMacey
44%
268MMacie
44%
427MMacy
44%
304MMaddie
44%
345NNell
44%
112EEloise
44%
405CCiara
44%
454AAdriana
44%
226YYasmin
44%
304CCallie
43%
154BBetsy
43%
87AAisha
43%
78LLuna
43%
143CConnie
43%
109NNiamh
43%
204AAyesha
43%
140TTilly
43%
197AAmira
42%
127PPippa
42%
431PPola
42%
468SSerena
42%
433AAmeera
42%
315AAmirah
42%
323FFatimah
42%
198AAleena
42%
122FFatima
42%
315AAlina
42%
214GGeorgie
41%
320AAminah
41%
216AAmina
41%
241LLana
41%
458AAaminah
41%
485JJannat
41%
117EEden
41%
293JJorgie
41%
356VVanessa
41%
485BBrooklyn
40%
387VVivienne
40%
372BBillie
40%
361AAgnes
40%
338AAriella
40%
278AAurelia
40%
475SSasha
40%
219AAnya
40%
128AAyla
40%
170LLiliana
39%
283OOphelia
39%
206HHattie
39%
192LLois
39%
239FFaye
39%
152SSkyla
39%
335EEvangeline
39%
268AAthena
38%
313IIda
38%
333PPhilippa
38%
135EEdie
38%
481NNeave
37%
224NNadia
37%
212NNeve
37%
412DDestiny
37%
132FFrankie
37%
485CChelsea
37%
231EEmmie
37%
118AAnaya
36%
159AAmaya
36%
256AAnayah
36%
364IInaya
36%
86RRobyn
36%
159IInaaya
36%
144HHallie
36%
211TTabitha
36%
254HHalle
36%
349IInayah
36%
320MMiriam
35%
224AAmara
35%
217MMariam
35%
79MMaryam
35%
227CCleo
35%
419BBianca
35%
481CCrystal
35%
186AAoife
35%
301RRiley
35%
244CConstance
35%
352RRosalie
35%
196SSkylar
35%
423SSkyler
35%
409EEmmeline
34%
335CClaudia
34%
485CCasey
34%
130NNevaeh
34%
190PPiper
33%
310NNellie
33%
458RRia
33%
310DDolly
33%
437CCecilia
33%
274MMinnie
33%
362AAya
32%
369HHarmony
32%
246AAntonia
32%
431KKyla
32%
338EEbony
32%
285PPeyton
32%
168BBeatrix
32%
394AAyah
32%
427IIona
32%
345EErica
32%
369DDemi
31%
396AAstrid
31%
271ZZaynab
31%
293HHarley
31%
137ZZainab
31%
276MMelody
31%
221JJemima
31%
210MMabel
30%
400NNova
30%
299AAlessia
30%
323LLiyana
30%
243PPearl
30%
423AAlyssia
30%
335EEffie
30%
297FFleur
30%
276IIndie
30%
207HHazel
30%
447LLilly-May
29%
227BBeau
29%
349LLily-Mae
29%
433LLily-May
29%
419LLilly-Mae
29%
419DDakota
29%
161PPaisley
29%
202AAmelia-Rose
28%
377RRae
28%
259LLily-Rose
28%
400EEverly
28%
447LLilly-Rose
28%
341FFearne
28%
366SSapphire
28%
356AAnais
28%
427GGenevieve
28%
382DDaria
28%
323NNyla
28%
379TTiana
28%
198LLibby
27%
437CCarys
27%
246AAlba
27%
468AAnika
27%
369CCerys
27%
303AAva-Rose
26%
299HHarlow
26%
387GGracie-Mae
26%
468MMaira
26%
387SSaoirse
26%
499TTiffany
26%
458KKarina
26%
178KKhadija
25%
227KKhadijah
25%
309VValentina
25%
475OOrlaith
25%
400MMiley
24%
415MMarley
24%
433KKitty
24%
278AAiza
24%
442EEvie-Rose
24%
412CClementine
24%
499AAva-Grace
24%
363EEtta
24%
207AAizah
24%
166EElodie
24%
343RRiver
24%
423PPixie
24%
415AAyat
23%
254EEliana
23%
372BBella-Rose
22%
475SSalma
22%
323FFfion
22%
212LLyra
22%
458IIvy-Rose
22%
232PPrimrose
22%
400RReeva
21%
415SSydney
21%
475RRenee
21%
270HHoney
21%
444PPriya
21%
458HHermione
21%
310OOttilie
21%
354VVerity
21%
468RRowan
21%
186MMargot
20%
256TTalia
20%
499WWiktoria
20%
366OOlivia-Rose
20%
454RRaya
19%
215ZZoya
19%
485RRhea
19%
372LLivia
18%
287TTallulah
18%
458SSylvie
18%
444LLiberty
18%
485RRemi
18%
252EElla-Rose
18%
271HHafsa
18%
495HHafsah
18%
485IIsra
17%
147MMarnie
17%
427YYusra
17%
391EEllie-Mae
17%
377HHalima
17%
442HHaleema
17%
334WWren
16%
323IIsla-Rose
16%
356IIqra
16%
313NNoor
15%
329IImaan
14%
468IIman
14%
238SSafa
13%
483VVienna
12%
419MMia-Rose
12%
256SSyeda
10%
391EEshaal
9%
495MMeadow
9%
485MMilena
7%
458MMinahil
6%
437MMarwa
5%
437HHareem
5%
485SSumayyah
5%
454RRuqayyah
4%
250HHaniya
4%

Score Distribution

Percentile by Number Answered

Percent of People with Each Score

Your Score History

You have not taken this quiz